00985nam a2200253 a 4500001001000000003000500010005001700015008004100032010001100073011001100084040000900095100003100104245019300135260004100328500006000369502008300429650003300512650001600545650001600561650002800577650003000605650002600635856007000661000112080CHAP20220329144245.0151202s2015 mx a fsm |||||||spa d a108541 a109513 cCHAP1 aVázquez Velasco, Ricardo10aOrganización autogestiva de los usuarios del agua potable en San Pedro Chichicasco y el Platanar, municipio de Malinalco, Estado de México /h[En línea]cpor Ricardo Vazquez Velasco. aChapingo, Méx. :bEl autor,c2015. aPara ver el contenido del material haga clic en la liga aTesis (M.C. en Sociología Rural) -- UACH. Departamento de Sociología Rural14aAgua potablexUtilización.14aDemocracia.14aDirigentes.14aOrganizaciones civiles.14aParticipación ciudadana14aServicios públicos. aFinding aiduhttp://10.13.5.2/tesis/sist112080.pdfzTeclea aquí